MARC

LEADER 00000nam0a2200000 4500
001 307287
005 20231102001959.0
020 |a RU  |b 83-80081 
035 |a (RuTPU)RU\TPU\book\332580 
090 |a 307287 
100 |a 20151019d1983 km y0rusy5003 ca 
101 0 |a rus 
102 |a RU 
105 |a a z 000zd 
200 1 |a Пространство мира и пространство картины  |e очерки о языке живописи  |f Л. В. Мочалов 
210 |a Москва  |c Советский художник  |d 1983 
215 |a 375 с.  |c ил., цв. ил. 
225 1 |a Искусство: Проблемы. История. Практика 
600 1 |a Сезанн  |b П.  |c французский живописец  |f 1839-1906  |g Поль  |2 stltpush  |3 (RuTPU)RU\TPU\pers\12474  |9 3481 
600 1 |a Ван Гог  |b В.  |c голландский живописец  |f 1853-1890  |g Винсент  |2 stltpush  |3 (RuTPU)RU\TPU\pers\10490  |9 2231 
600 1 |a Гоген  |b П.  |c французский живописец  |f 1848-1903  |g Поль  |2 stltpush  |3 (RuTPU)RU\TPU\pers\10491  |9 2232 
600 1 |a Матисс  |g Анри  |b А.  |c французский живописец  |c график  |f 1869-1954  |2 stltpush  |3 (RuTPU)RU\TPU\pers\263 
600 1 |a Врубель  |b М. А.  |c русский живописец  |f 1856-1910  |g Михаил Александрович  |2 stltpush  |3 (RuTPU)RU\TPU\pers\10469  |9 2226 
600 1 |a Петров-Водкин  |b К. С.  |g Кузьма Сергеевич  |c российский живописец  |f 1878-1939  |2 stltpush  |3 (RuTPU)RU\TPU\pers\12325 
606 1 |a Живопись  |2 stltpush  |3 (RuTPU)RU\TPU\subj\73461  |9 86457 
610 1 |a ортогональные проекции 
610 1 |a история 
610 1 |a Древний Египет 
610 1 |a параллельная перспектива 
610 1 |a Китай 
610 1 |a Япония 
610 1 |a Византия 
610 1 |a Древняя Русь 
610 1 |a итальянское Возрождение 
610 1 |a импрессионизм 
610 1 |a русская живопись 
610 1 |a передвижники 
675 |a 75  |z rus  |v 3 
700 1 |a Мочалов  |b Л. В.  |g Лев Всеволодович  |4 070 
801 0 |a RU  |b RuMRKP  |c 19950704  |g psbo 
801 1 |a RU  |b 63413507  |c 20151019 
801 2 |a RU  |b 63413507  |c 20190715  |g RCR 
942 |c BK